00737cam a22002417a 4500003000500000005001700005008004100022010001000063011001000073020001500083035001100098040000900109082001200118100002200130245010700152260004700259300001100306490002000317650004500337650004600382650004700428830002000475CHAP20220817044029.0050613d2002 mx r 00110 spa d a90477 a91449 a9681105745 a102008 cCHAP04a972bF300aFalcón, Romana.10aMéxico descalzo :bestrategias de sobrevivencia frente a la modernidad liberalc/por Romana Falcón aMéxico, D. F. :bPlaza & Janés,c2002. a365 p. 0aTemas de debate14aIndios de ChiapasxCondiciones sociales.14aIndios de MéxicoxCondiciones sociales.14aIndios de MéxicoxPolítica y gobierno.00aTemas de debate